| 000 | 00777nam a2200217Ia 4500 | ||
|---|---|---|---|
| 005 | 20220829103028.0 | ||
| 008 | 210716s2007 xx 000 0 und d | ||
| 020 | _a9780070633780 | ||
| 040 | _cAIMIT LIBRARY | ||
| 041 | _aeng | ||
| 082 |
_a005.304 _21 _bNANR |
||
| 100 |
_aNandyal, Raghav S. _955842 |
||
| 245 |
_aMaking sense of software quality assurance : _bgaining from quality audits and assessments / _cBy Raghav S. Nandyal. |
||
| 250 | _a1 | ||
| 260 |
_aNew Delhi _bTata McGraw Hill Publishing Company Ltd _c2007 |
||
| 300 |
_axxviii,350 p. ; _c26 cm. |
||
| 650 |
_aClasses of audits and appraisals _955843 |
||
| 650 |
_aPlanning and preparing for information _955844 |
||
| 650 |
_aVerificationof objective evidence _955845 |
||
| 942 |
_2ddc _cBK _e1st _k005.304 NANR |
||
| 999 |
_c190782 _d190782 |
||